| 000 | 01046nam a2200253Ia 4500 | ||
|---|---|---|---|
| 001 | 174 | ||
| 003 | GE_BSU | ||
| 008 | 181216s||||||||xx |||||||||||||| ||und|| | ||
| 020 | _a9994020161 | ||
| 040 | _cGE_BSU | ||
| 080 | _a664(479.22)(075.8) | ||
| 100 | _aერქომაიშვილი,გულნაზ | ||
| 245 | _aმეწარმეობის ფორმირებისა და განვითარების თავისებურებანი საქართველოში | ||
| 245 | _cრედ.ო საღარეიშვილი | ||
| 260 | _aთბილისი | ||
| 260 | _bთბილისის უნივერსიტეტის გამომცემლობა | ||
| 260 | _c2004 | ||
| 300 | _a260გვ. | ||
| 541 | _h20ლ. | ||
| 653 | _aბიზნესის ორგანიზაცია | ||
| 653 | _aკვების მრეწველობა საქართველოში | ||
| 653 | _aმეწარმეობა | ||
| 942 | _cBK | ||
| 999 |
_c34433 _d34433 |
||